000 00577nam a22001817a 4500
005 20170814110619.0
010 _aENG-119680
020 _a9788178331515
_c1575.00
035 _aEN-103212
037 _bDBAD/PUB
082 _a668.372
100 _aPanda, Himadri
245 _aHandbook on tall oil rosin production, processing and utilization /
_cby Himadri Panda
260 _aDelhi
_bAsia Pacific Business Press Inc.
_c2013
270 _a106-E, Kamla Nagar,
_bDelhi
_e110007
300 _axvi,464p. :
_c22cm(pbk)
_bill.
942 _2ddc
_cEN
_h668.372
_mPAN
999 _c143319
_d143319